<?xml version="1.0" encoding="UTF-8"?>
<marc:record xmlns:marc="http://www.loc.gov/MARC21/slim">
   <marc:leader>00000nam a2200000 a 4500</marc:leader>
   <marc:datafield ind1="1" ind2=" " tag="100">
      <marc:subfield code="a">Krause, Christina</marc:subfield>
      <marc:subfield code="4">aut</marc:subfield>
      <marc:subfield code="e">Verfasser/-in</marc:subfield>
   </marc:datafield>
   <marc:datafield ind1="1" ind2=" " tag="100">
      <marc:subfield code="a">Mayer, Claude-Hélène</marc:subfield>
      <marc:subfield code="4">aut</marc:subfield>
      <marc:subfield code="e">Verfasser/-in</marc:subfield>
   </marc:datafield>
   <marc:datafield ind1=" " ind2=" " tag="653">
      <marc:subfield code="a">Pädagogischer Beruf</marc:subfield>
   </marc:datafield>
   <marc:datafield ind1=" " ind2=" " tag="653">
      <marc:subfield code="a">Gesundheitsverhalten</marc:subfield>
   </marc:datafield>
   <marc:datafield ind1=" " ind2=" " tag="653">
      <marc:subfield code="a">Softcover / Pädagogik</marc:subfield>
   </marc:datafield>
   <marc:datafield ind1="0" ind2="0" tag="245">
      <marc:subfield code="a">Gesundheitsressourcen erkennen und fördern</marc:subfield>
   </marc:datafield>
   <marc:datafield ind1="0" ind2="0" tag="245">
      <marc:subfield code="b">Training für pädagogische Fachkräfte : mit 29 Arbeitsblättern</marc:subfield>
   </marc:datafield>
   <marc:datafield ind1="0" ind2="0" tag="245">
      <marc:subfield code="c">Christina Krause/Claude-Hélène Mayer</marc:subfield>
   </marc:datafield>
   <marc:datafield ind1=" " ind2="1" tag="264">
      <marc:subfield code="a">Göttingen</marc:subfield>
      <marc:subfield code="b">Vandenhoeck &amp;  Ruprecht</marc:subfield>
      <marc:subfield code="c">2012</marc:subfield>
   </marc:datafield>
   <marc:datafield ind1="1" ind2=" " tag="520">
      <marc:subfield code="a">Angaben aus der Verlagsmeldung

Gesundheitsressourcen erkennen und fördern : Training für pädagogische Fachkräfte / von Christina Krause, Claude–Hélène Mayer

Das Training hat sich vielfach zur gesundheitsförderlichen Bewältigung der Belastungen, denen pädagogische Fachkräfte ausgesetzt sind, bewährt und basiert auf dem salutogenetischen Ansatz von Aaron Antonovsky. Es beinhaltet eine Reihe von konkreten Vorschlägen und Übungen, die thematisch nach Lernzielen und Lerninhalten geordnet sind und auf der Grundlage von Aufgaben umgesetzt werden können.
Es kann als Selbstlernprogramm genutzt, im Kontext von Supervision und Beratung im sozial-pädagogischen Kontext angewendet und für Fortbildungen im sozial-pädagogischen Kontext eingesetzt werden. Teile des Trainingsprogramms können vom pädagogischen Fachpersonal auch auf die eigenen Zielgruppen übertragen werden, wie z.B. auf Schülerinnen und Schüler, Jugendliche im Jugendtreff etc.
</marc:subfield>
   </marc:datafield>
   <marc:datafield ind1=" " ind2=" " tag="020">
      <marc:subfield code="a">9783525701379</marc:subfield>
      <marc:subfield code="9">9783525701379</marc:subfield>
   </marc:datafield>
   <marc:datafield ind1=" " ind2=" " tag="020">
      <marc:subfield code="a">3525701373</marc:subfield>
      <marc:subfield code="9">3525701373</marc:subfield>
   </marc:datafield>
   <marc:datafield ind1=" " ind2=" " tag="041">
      <marc:subfield code="a">ger</marc:subfield>
   </marc:datafield>
   <marc:datafield ind1=" " ind2=" " tag="300">
      <marc:subfield code="a">175 S.</marc:subfield>
   </marc:datafield>
</marc:record>
